000 00339nam a2200121Ia 4500
008 220901s9999||||xx |||||||||||||| ||und||
082 _a004 IQB
100 _aIqbal, S.A
245 0 _aOriental journal of computer technology
250 _aVol. 6 Issue No. 1 & 2
260 _bTechno Research Publication
_c2013
650 _aComputer Science
999 _c193522
_d193522